000 01043nam0a22002771 4500
001 rc\218709
005 20260407052608.0
010 _a5-86502-031-5
_910000
035 _a(NLR Aleph) 005467339
090 _a5013108
_c5013108
100 _a20030307d1995 |||y0rusy50 ca
101 0 _arus
102 _aRU
105 _aa |||||||||
200 1 _aЯ - из ЦДКА!
_e[Записки тренера по футболу]
_fЛит. запись О. Вихрева
210 _a[М.]
_cСПАОЗТ "Контакт" РЛ
_d1995
215 _a189, [3] с.
_cил.
_d21
700 1 _7ca
_8rus
_aНиколаев
_bВ. А.
_cтренер, футбол
_f1921-2009
_gВалентин Александрович
_9270445
_3RU\NLR\AUTH\770270501
702 1 _aВихрев
_bО.
_gОлег
_4570
712 0 2 _aЦентральный спортивный клуб армии
_cМосква
_9542523
_3RU\NLR\AUTH\8810022255
801 0 _aRU
_bNLR
_gpsbo
801 1 _aRU
_bELAR
_2rusmarc
852 _aNLR
_j95-5/2424
942 _cBOOK
980 _aNB